Využitie virtuálnej a rozšírenej reality pri prevádzkovaní elektrických staníc
Na minha lista:
| Autor principal: | |
|---|---|
| Outros Autores: | |
| Formato: | Manuscrito Livro |
| Idioma: | eslovaco |
| Publicado em: |
2025
|
| Assuntos: | |
| Acesso em linha: | http://is.stuba.sk/zp/portal_zp.pl?podrobnosti=184564 |
| Tags: |
Sem tags, seja o primeiro a adicionar uma tag!
|
MARC
| LEADER | 00000ntm a22000003a 4500 | ||
|---|---|---|---|
| 001 | stuzp99051 | ||
| 003 | SK-STU | ||
| 005 | 20250614210619.3 | ||
| 007 | ta | ||
| 008 | 150427s2015----xo-----f-mn---000-0-slo-d | ||
| 040 | |a STU |b slo | ||
| 041 | 0 | |a slo | |
| 100 | 1 | |a Zeman, Juraj |u 032000 |4 aut |U FEI Fakulta elektrotechniky a informatiky |T FEI Ústav elektroenergetiky a aplikovanej elektrotechniky |X 111551 |U E020 |Y 548 |7 111551 | |
| 242 | 0 | 1 | |a Application of Augment and Virtual Reality for Operation of Electrical Stations |y eng |
| 245 | 1 | 0 | |a Využitie virtuálnej a rozšírenej reality pri prevádzkovaní elektrických staníc |
| 260 | |c 2025 | ||
| 650 | 4 | |a Electric stations |2 eng | |
| 650 | 4 | |a Augmented Reality |2 eng | |
| 650 | 4 | |a Virtual Reality |2 eng | |
| 650 | 4 | |a Elektrické Stanice |2 slo | |
| 650 | 4 | |a Rozšírená realita |2 slo | |
| 650 | 4 | |a Virtuálna realita |2 slo | |
| 700 | 1 | |a Janiga, Peter |u 032000 |k Z1 |4 ths |U FEI Fakulta elektrotechniky a informatiky |T FEI Ústav elektroenergetiky a aplikovanej elektrotechniky |X 24468 |U E020 |Y 548 |7 A000024468 | |
| 856 | 4 | |u http://is.stuba.sk/zp/portal_zp.pl?podrobnosti=184564 | |